| 000 | 00854nam a2200241Ia 4500 | ||
|---|---|---|---|
| 003 | OSt | ||
| 005 | 20250505150638.0 | ||
| 008 | 191128t1997 sp er 000 f spa d | ||
| 020 | _a8440677251 | ||
| 040 |
_aCO-JMCR _cCO-JMCR |
||
| 041 | _aspa | ||
| 082 | 0 | 4 |
_aA-N _b ZOCo |
| 100 | 1 |
_aZocchi, Chiara, _eautora _98511 |
|
| 245 | 1 | 0 |
_aOlga / _cChiara Zocchi; traducción Silvia Borri |
| 250 | _aPrimera edición | ||
| 260 |
_aBarcelona : _bEdiciones B, _c©1997 |
||
| 300 |
_a166 páginas : _c19 cm. |
||
| 520 | _aUna niña: Olga tiene en su haber a un padre que vive en la cárcel, a un hermano que muere en la calle y a una madre que comparte con ella las cuatro paredes de un piso sin luz en la periferia de una gran ciudad. | ||
| 546 | _aspa | ||
| 650 | 1 | 4 |
_aNovela italiana _9832 |
| 700 |
_aBorri, Silvia, _e traductora _98512 |
||
| 942 |
_2ddc _cBK |
||
| 999 |
_c3748 _d3748 |
||